ბათუმის შოთა რუსთაველის სახელმწიფო უნივერსიტეტის ბიბლიოთეკა

ქართველური ტოპონიმებისა და გვარების წარმოება და ურთიერთმიმართება = Formation and correlation kartvelian toponims and surnames / (ბიბ.ჩანაწერი № 48582)

000 -ლიდერი
ფიქსირებული სიგრძის საკონტროლო ველი 02158nam a2200313Ia 4500
001 - საკონტროლო ნომერი
საკონტროლო ველი 15481
003 - საკონტროლო ნომრის იდენტიფიკატორი
საკონტროლო ველი GE_BSU
005 - ბოლო ოპერაციის თარიღი და დრო
საკონტროლო ველი 20241128141216.0
008 - ფიქსირებული სიგრძის მონაცემთა ელემენტები - ზოგადი ინფორმაცია
ფიქსირებული სიგრძის საკონტროლო ველი 181216s2006||||ge |||||||||||||| ||geo||
020 ## - წიგნის საერთაშორისო სტანდარტული ნომერი
International Standard Book Number 9994086421
040 ## - კატალოგიზაციის წყარო
Transcribing agency GE_BSU
041 ## - ენის კოდი
Language code of text/sound track or separate title geo
080 ## - უნივერსალური ათობითი კლასიფიკაციის ინდექსი
Universal Decimal Classification number 811.353'373.21 + 811.353'373.2 + 929.52(479.22) მ-40
100 ## - მთავარი ჩანაწერი - პიროვნების სახელი
Personal name მაღრაძე, ვახტანგ
9 (RLIN) 1990
245 ## - ცნობა სათაურის შესახებ
Title ქართველური ტოპონიმებისა და გვარების წარმოება და ურთიერთმიმართება = Formation and correlation kartvelian toponims and surnames /
Statement of responsibility, etc ვახტანგ მაღრაძე ; რედაქტორები : პაატა ცხადაია, ვიანორ ახალაია ; საქართველოს მეცნიერებათა აკადემია, ენათმეცნიერების ინსტიტუტი.
264 ## - წარმოების, გამოცემის, დისტრიბუციის და სხვა ცნობები
გამოცემის, წარმოების, დისტრიბუციის... ადგილი თბილისი :
გამოცემის, წარმოების, დისტრიბუციის... სახელწოდება ქართული ენა,
გამოცემის, წარმოების, დისტრიბუციის... თარიღი 2006.
300 ## - ფიზიკური აღწერა
Extent 227გვ. ;
Dimensions 20 სმ.
504 ## - BIBLIOGRAPHY, ETC. NOTE
Bibliography, etc ბიბლიოგრაფია : გვ. 216-227
520 ## - SUMMARY, ETC.
Summary, etc რეზიუმე ინგლისურ ენაზე
653 ## - INDEX TERM--UNCONTROLLED
Uncontrolled term Formation and correlation kartvelian toponims and surnames
653 ## - INDEX TERM--UNCONTROLLED
Uncontrolled term ქართველური ტოპონიმებისა და გვარების წარმოება და ურთიერთმიმართება
653 ## - INDEX TERM--UNCONTROLLED
Uncontrolled term ქართული ტოპონიმიკა
653 ## - INDEX TERM--UNCONTROLLED
Uncontrolled term ქართული გვარ-სახელები
653 ## - INDEX TERM--UNCONTROLLED
Uncontrolled term ქართული გვარების ისტორია
700 ## - ADDED ENTRY--PERSONAL NAME
Personal name ცხადაია, პაატა
Relator term რედაქტორი
9 (RLIN) 23813
700 ## - ADDED ENTRY--PERSONAL NAME
Personal name ახალაია, ვიანორ
Relator term რედაქტორი
9 (RLIN) 23814
710 ## - ADDED ENTRY--CORPORATE NAME
Corporate name or jurisdiction name as entry element საქართველოს მეცნიერებათა აკადემია, ენათმეცნიერების ინსტიტუტი
9 (RLIN) 23815
942 ## - ADDED ENTRY ELEMENTS (KOHA)
Koha item type წიგნი
Source of classification or shelving scheme
ეგზემპლარები
ჩამოწერის სტატუსი დაკარგული ეგზემპლარის სტატუსი კლასიფიკაციის წყარო ან თაროზე გაწყობის სქემა დაზიანების სტატუსი არ გაიცემა მუდმივი მდებარეობა (დაცვის ადგილი) ამჟამინდელი ადგილსამყოფელი თაროზე განთავსების ადგილი შეძენის თარიღი სრული შენახვის შიფრი შტრიხკოდი ბოლო ოპერაციის თარიღი ეგზემპლარის მიმდევრობითი ნომერი (კეტერი?) ფასის ძალაში შესვლის თარიღი ეგზემპლარის სახეობა
          ბათუმის შოთა რუსთაველის სახელმწიფო უნივერსიტეტის მთავარი ბიბლიოთეკა ბათუმის შოთა რუსთაველის სახელმწიფო უნივერსიტეტის მთავარი ბიბლიოთეკა წიგნსაცავი 2018-12-17 811.353'373.21 + 811.353'373.2 + 929.52(479.22) მ-40 27476 2018-12-17 27476 2018-12-17 წიგნი